000 01312cam a22003614a 4500
999 _c35443
_d35443
001 001325478
003 AR-RgUNPA
005 20260302090638.0
007 ta
008 100218s2005 ag d fr f 1 0 spa
015 _aAR-2005
020 _a9789502313511
040 _aSIUNPA
_bspa
_cSIUNPA
_eAACR
041 _aspa
044 _aag
_car-c
080 1 _a159.9.072.4 I439i3
245 0 0 _aInforme psicológico:
_belaboración y características en diferentes ámbitos
_c/ Beatriz H. Cattaneo (compiladora)
250 _a3a. ed.
260 _aBuenos Aires :
_bEudeba,
_creimpr.2013
300 _a207 p. :
_bil.
490 1 _a(Psicología / Eudeba)
504 _aBibliografía: p. 203-206.
650 4 _a PSICOLOGIA
_2isoc de psicología
650 4 _aPSICODIAGNOSTICO
_2isoc de psicología
650 4 _aINFORME PSCOLOGICO
_2isoc de psicología
650 4 _aEVALUCION PSICOLOGICA
_2isoc de psicología
700 1 _aCattaneo, Beatriz H.
_e, comp.
_eaut.
830 0 _aPsicología
930 1 _lBNA01
_mLIBRO
_600881292
_820110912
_f11
_h2a ed., reimpr. (2008)
_s03
_n000
_o001325478
930 1 _lBNA01
_mLIBRO
_600906393
_820110912
_f11
_h2a. ed., reimpr. (2009)
_s03
_n000
_o001325478
930 1 _lBNA01
_mLIBRO
_600947287
_820141117
_f11
_h3a. ed., 2a reimpr. (2011)
_s03
_n002
_o001325478
942 _2udc
_cBK